|
|
|
|
| LEADER |
00000nam1a2200000 4500 |
| 001 |
146517 |
| 005 |
20231031144654.0 |
| 035 |
|
|
|a (RuTPU)RU\TPU\book\158816
|
| 035 |
|
|
|a RU\TPU\book\136598
|
| 035 |
|
|
|a RU\TPU\book\142210
|
| 090 |
|
|
|a 146517
|
| 100 |
|
|
|a 20080215d19641967k y0rusy50 ca
|
| 101 |
0 |
|
|a rus
|
| 102 |
|
|
|a RU
|
| 200 |
1 |
|
|a Черная металлургия капиталистических стран
|f Центральный научно-исследовательский институт информации и технико-экономических исследований черной металлургии (Черметинформация)
|
| 210 |
|
|
|a Москва
|c Металлургия
|d [1964-1967]
|
| 712 |
0 |
2 |
|a Центральный научно-исследовательский институт информации и технико-экономических исследований черной металлургии (Черметинформация)
|c (Москва)
|2 stltpush
|3 (RuTPU)RU\TPU\col\12014
|
| 801 |
|
1 |
|a RU
|b 63413507
|c 20081030
|g PSBO
|
| 801 |
|
2 |
|a RU
|b 63413507
|c 20180530
|g PSBO
|
| 942 |
|
|
|c BK
|